| 000 | 00584nam a2200205Ia 4500 | ||
|---|---|---|---|
| 008 | 210417s9999 xx 000 0 und d | ||
| 020 | _a9781632401335 | ||
| 020 | _b1632401339 | ||
| 082 | _a004.6 VIN | ||
| 082 | _b22.004.6 VIN.0.1 | ||
| 245 | 0 | _aData communications and networking Vol.1 | |
| 245 | 0 | _cData communications and networking Vol 1 | |
| 250 | _a1st ed. | ||
| 250 | _b"1 v. (vii, 168p.) : col.ill. ; 26cm., hbk." | ||
| 260 | _aNew Jersey | ||
| 260 | _bClanrye International | ||
| 260 | _c2015 | ||
| 700 | _a"Vine, Michelle" | ||
| 700 | _bedited by Michelle Vine | ||
| 999 |
_c484049 _d484049 |
||